=LDR 00000nam 2200000 4500 =001 INLIS000000000021095 =005 20130612120004 =008 ***********************************Ind** =035 ##$$0010-061300000021095 =041 ##$$a Ind =082 ##$$a 342.07 =090 ##$$a 342.07, Tat t =245 ##$$a Tata negara untuk SMU kelas 3 IPS, Drs. Bambang Priyo S...[et.al] =260 ##$$a 2000 $b Yogyakarta =300 ##$$a x, 167 hlm, 28 cm =650 ##$$a Hukum tata negara =850 ##$$a NBPNMAT =990 ##$$a 0001/BPAP-NTB/2016